Dispersion relations and consistency conditions: RPP/A 29

Xehetasun bibliografikoak
Egile nagusia: Costa G.
Beste egile batzuk: Graham S.
Gaia:Rutherford Laboratory Preprint
Hizkuntza:ingelesa
Argitaratua: 1967
Gaiak:
Formatua: MixedMaterials Liburua
KOHA link:https://koha.lib.tpu.ru/cgi-bin/koha/opac-detail.pl?biblionumber=177919

MARC

LEADER 00000nam0a2200000 4500
001 177919
005 20231031165743.0
035 |a (RuTPU)RU\TPU\book\192897 
090 |a 177919 
100 |a 20100330d1967 km y0engy50 ca 
101 0 |a eng 
102 |a RU 
105 |a y z 001zy 
200 1 |a Dispersion relations and consistency conditions  |e RPP/A 29  |f G. Costa, S. Graham 
210 |d 1967 
215 |a 6 p. 
300 |a Rutherford Laboratory Preprint 
320 |a References: p. 6. 
610 1 |a физика 
610 1 |a ядерная физика 
610 1 |a ядерные реакции 
610 1 |a рассеяние 
610 1 |a поляризация 
610 1 |a препринты 
610 1 |a английский язык 
675 |a 539.171  |v 3 
700 1 |a Costa  |b G. 
701 1 |a Graham  |b S. 
801 1 |a RU  |b 63413507  |c 20100330 
801 2 |a RU  |b 63413507  |c 20101224  |g RCR 
942 |c BK